00963nam a22002417a 4500999001500000003000900015008004100024020001800065040007100083082001500154100002100169245003500190260003000225300003500255505016700290650002000457650003600477650002900513700005300542942001600595945000900611952010100620 c7073d7073AR-CdUCM190319b ||||| |||| 00| 0 spa d a958-04-2897-2 aMUNICIPALIDAD PROVINCIAL DEL CUSCOcBIBLIOTECA MUNICIPAL DEL CUSCO a658 /bB78 aBower, Joseph L. aOficio y arte de la gerencia / aColombia :bNorma,c1995. aXVIII, 245 páginas ;c23 cm. aContenido: El trabajo del gerente general -- Formulación de estrategia -- Construcción de la organización -- Gestión de la complejidad -- El liderazgo ... aLiderazgo93124 aAdministración General919918 aPoder competitivo919919 aCárdenas Nannetti, Jorge (traducción)919920 2ddccLIBROS aachl 002ddc4070aSCbSCcCARTd2019-03-19g30.00o658 / B78 / v.1pSC0000000311r2019-03-19yLIBROS